| 000 | 00673nam a22002057a 4500 | ||
|---|---|---|---|
| 005 | 20081020151251.0 | ||
| 008 | 081020t xxu||||| |||| 00| 0 eng d | ||
| 010 | _aENG-84487 | ||
| 020 | _a8178842117 | ||
| 020 | _c600.00 (hb) | ||
| 035 | _aEN-68020 | ||
| 082 | _a363.7 / NEG | ||
| 100 | _aNegi, J S | ||
| 245 |
_aEnvironmental policy studies / _cby J S Negi |
||
| 260 |
_aNew Delhi _bCyber Tech Publications |
||
| 260 | _c2006 | ||
| 300 |
_a328p _c22cm |
||
| 942 |
_2ddc _cEN _h363.7 _m NEG |
||
| 999 |
_c17793 _d17793 |
||